Classements FIFA de 1992 à 2021 - Top 5 - Statistiques

Statistiques générales
  • Ce quiz a été pris 1 656 fois
  • Le résultat moyen est 139 sur 150
Statistiques - réponses
Group Hint1 Réponse % Correct
1992 #3 Brésil
100%
1993 #3 Brésil
100%
1994 #1 Brésil
100%
1995 #1 Brésil
100%
1996 #1 Brésil
100%
1997 #1 Brésil
100%
1998 #1 Brésil
100%
1999 #1 Brésil
100%
2000 #1 Brésil
100%
2001 #3 Brésil
100%
2002 #1 Brésil
100%
2003 #1 Brésil
100%
2004 #1 Brésil
100%
2005 #1 Brésil
100%
2006 #1 Brésil
100%
2007 #2 Brésil
100%
2008 #5 Brésil
100%
2009 #2 Brésil
100%
2010 #4 Brésil
100%
2016 #2 Brésil
100%
2017 #2 Brésil
100%
2018 #3 Brésil
100%
2019 #3 Brésil
100%
2020 #3 Brésil
100%
2021 #3 Brésil
100%
1996 #3 France
100%
1998 #2 France
100%
1999 #3 France
100%
2000 #2 France
100%
2001 #1 France
100%
2002 #2 France
100%
2003 #2 France
100%
2004 #2 France
100%
2006 #4 France
100%
2018 #2 France
100%
2019 #2 France
100%
2020 #2 France
100%
2021 #2 France
100%
1993 #5 Espagne
99%
1994 #2 Espagne
99%
1995 #4 Espagne
99%
1999 #4 Espagne
99%
2002 #3 Espagne
99%
2003 #3 Espagne
99%
2004 #5 Espagne
99%
2007 #4 Espagne
99%
2008 #1 Espagne
99%
2009 #1 Espagne
99%
2010 #1 Espagne
99%
2011 #1 Espagne
99%
2012 #1 Espagne
99%
2013 #1 Espagne
99%
2015 #3 Espagne
99%
1992 #1 Allemagne
98%
1993 #1 Allemagne
98%
1994 #5 Allemagne
98%
1995 #2 Allemagne
98%
1996 #2 Allemagne
98%
1997 #2 Allemagne
98%
1998 #3 Allemagne
98%
1999 #5 Allemagne
98%
2002 #4 Allemagne
98%
2007 #5 Allemagne
98%
2008 #2 Allemagne
98%
2010 #3 Allemagne
98%
2011 #3 Allemagne
98%
2012 #2 Allemagne
98%
2013 #2 Allemagne
98%
2014 #1 Allemagne
98%
2015 #4 Allemagne
98%
2016 #3 Allemagne
98%
2017 #1 Allemagne
98%
1998 #5 Argentine
98%
2000 #3 Argentine
98%
2001 #2 Argentine
98%
2002 #5 Argentine
98%
2003 #5 Argentine
98%
2004 #3 Argentine
98%
2005 #4 Argentine
98%
2006 #3 Argentine
98%
2007 #1 Argentine
98%
2010 #5 Argentine
98%
2012 #3 Argentine
98%
2013 #3 Argentine
98%
2014 #2 Argentine
98%
2015 #2 Argentine
98%
2016 #1 Argentine
98%
2017 #4 Argentine
98%
2014 #4 Belgique
98%
2015 #1 Belgique
98%
2016 #5 Belgique
98%
2017 #5 Belgique
98%
2018 #1 Belgique
98%
2019 #1 Belgique
98%
2020 #1 Belgique
98%
2021 #1 Belgique
98%
1992 #2 Italie
97%
1993 #2 Italie
97%
1994 #4 Italie
97%
1995 #3 Italie
97%
2000 #4 Italie
97%
2006 #2 Italie
97%
2007 #3 Italie
97%
2008 #4 Italie
97%
2009 #4 Italie
97%
2012 #4 Italie
97%
1992 #5 Angleterre
96%
1997 #4 Angleterre
96%
2006 #5 Angleterre
96%
2011 #5 Angleterre
96%
2018 #5 Angleterre
96%
2019 #4 Angleterre
96%
2020 #4 Angleterre
96%
2021 #4 Angleterre
96%
2001 #4 Portugal
96%
2009 #5 Portugal
96%
2013 #5 Portugal
96%
2017 #3 Portugal
96%
2020 #5 Portugal
96%
2021 #5 Portugal
96%
2003 #4 Pays-Bas
89%
2005 #3 Pays-Bas
89%
2008 #3 Pays-Bas
89%
2009 #3 Pays-Bas
89%
2010 #2 Pays-Bas
89%
2011 #2 Pays-Bas
89%
2014 #5 Pays-Bas
89%
2011 #4 Uruguay
88%
2019 #5 Uruguay
88%
1998 #4 Croatie
87%
2018 #4 Croatie
87%
1996 #4 Colombie
77%
2001 #5 Colombie
77%
2012 #5 Colombie
77%
2013 #4 Colombie
77%
2014 #3 Colombie
77%
1995 #5 Russie
77%
1997 #5 Mexique
74%
2005 #5 Mexique
74%
1992 #4 Suède
72%
1994 #3 Suède
72%
2015 #5 Chili
71%
2016 #4 Chili
71%
1996 #5 République tchèque
41%
1997 #3 République tchèque
41%
1999 #2 République tchèque
41%
2000 #5 République tchèque
41%
2004 #4 République tchèque
41%
2005 #2 République tchèque
41%
1993 #4 Norvège
39%
Aucun quiz correspondant
Distribution des résultats
% des personnes avec chaque résultat
Percentile par nombre de réponses
Votre historique - résultats
Vous n’avez pas pris ce quiz